000 00625nam a22001691a 4500
001 11801
003 OSt
005 20260204212257.0
008 130524s2012||||dr ||||||b||||||||||spa||
090 _aCT-2012-009
100 _aLantigua Cabrera, Margarita.
245 _aAnalisis de la asignacion de los costos conjunto a las procesadoras de arroz de la provincia Sanchez Ramirez (año 2012) / Margarita Lantigua Cabrera, Tomas Hernandez Sanchez e Ysabel Ventura Manzueta. Asesor: Licdo. Jorge Custodio
264 _aSanto Domingo: El Autor
502 _aTesis (Contabilidad)
650 _aCONTABILIDAD.Ì
942 _2ddc
_cTH
999 _c11801
_d11801